Statistiques concernant Groupe de kpop traduit en français 2

Cliquez ici pour prendre le quiz!

Statistiques générales

  • Ce quiz a été pris 170 fois
  • Le résultat moyen est 11 sur 15

Statistiques - réponses

HintRéponse% Correct
dix-septseventeen
99%
enfants errantsstray kids
99%
génération de fillesgirls generation
98%
jour 6day 6
94%
bisou violetpurple kiss
93%
le monde de momomomoland
91%
demain x ensembletomorrow x together
91%
maman meuhmamamoo
90%
les garçonthe boyz
90%
trésortreasure
89%
la rosethe rose
81%
filles aux yeux marronbrown eyed girls
49%
brille toujourseverglow
31%
filles de l'espacecosmic girls
16%
reste csatyc
6%

Distribution des résultats

Percentile par nombre de réponses

% des personnes avec chaque résultat

Votre développement - résultats

Vous n’avez pas pris ce quiz